| 000 | 00514nam a22002057a 4500 | ||
|---|---|---|---|
| 003 | Nust | ||
| 005 | 20211221151939.0 | ||
| 008 | 170130b xxu||||| |||| 00| 0 eng d | ||
| 020 | _a0-07-4620622 | ||
| 038 | _aKhadija | ||
| 040 | _cc | ||
| 082 |
_a690.068 _bCHI |
||
| 100 |
_aChitkara, K K _986873 |
||
| 245 |
_aConstruction Project Management / _cK K Chitkara |
||
| 260 |
_aNew Delhi : _bTata McGraw-Hill, _c2004. |
||
| 300 |
_a558 p. ; _c24 cm. |
||
| 500 | _aHardcover. | ||
| 563 | _aHB | ||
| 942 |
_cBK _2ddc |
||
| 999 |
_c32167 _d32167 |
||